000 00600nam 22002053 4500
001 199759
010 _a978-972-618-570-3
021 _aPT
_b305682/10
090 _a199759
100 _a20260107d u||y0pory50 ba
200 _aUma história da matemática : dos primeiros agricultores a Alan Turing, dos números ao computador
_fLuis M. Aires
205 _a
210 _aLisboa
_cSílabo
_d2010
215 _a135 p.
_cil. ; brochado
_d21 cm
606 _91432
_aMatemática
675 _a51
_vPT
_zpor
700 _915554
_aAires
_bLuís M.
801 _aPT
_bBMMN
_gRPC
830 _cVanda
990 _cLIVROS